Vplyv teploty na oddeľovanie chrómu a mangánu na vymieňačoch iónov

Bibliographic Details
Main Authors: Fojtík, M. (Author), Koprda, Vasil, 1940- (Author)
Format: Article
Language:Slovak

MARC

LEADER 00000nab a2200000uu 4500
001 vtls010876005
003 SK-MaSNL
005 20260303163056.0
008 230303|1965 xo |||||||||||||||||slo|
015 |a SNBRB 
035 |a (urnnbn)urn:nbn:sk:snk:ar-0061m5 
035 |a (uuid)4bc86806-9575-4f62-afca-01436c6bd49d 
035 |a urn:nbn:sk:snk-ab7pqq 
040 |a SNKBUCL  |b slo  |c SNKBUCL  |e AACR2 
041 0 |a slo 
044 |a xo  |c SK 
100 1 |a Fojtík, M.  |4 aut  |9 1186608 
245 1 0 |a Vplyv teploty na oddeľovanie chrómu a mangánu na vymieňačoch iónov  |c M. Fojtík, V. Koprda 
700 1 |a Koprda, Vasil,  |d 1940-  |4 aut  |9 208367 
773 0 |t Chemické zvesti  |g Roč. 19, č. 4 (1965), s. 294-298 
954 |a odborná, vedecká literatúra pôvodná (slovenská)  |2 lita 
958 |a EUIPO 
958 |a OND 
958 |a article8 
999 |c 2058715  |d 2060645